| 000 | 00000nam##2200000za#4500 |
| 001 | 9.688619 |
| 003 | CaOODSP |
| 005 | 20210624231519 |
| 007 | cr ||||||||||| |
| 008 | 150407|2006||||xxc|||||o f|0| 0 eng|d |
| 020 | |a0-662-43766-7 |
| 040 | |aCaOODSP|beng |
| 043 | |an-cn--- |
| 086 | 1 |aHS28-54/2006E-PDF |
| 110 | 1 |aCanada.|bHuman Resources and Skills Development Canada. |bStrategic Policy and Planning. |
| 245 | 10|aOverview report of the summative evaluation of employment benefits and support measures delivered under the Canada/Newfoundland and Labrador Labour Market Development Agreement - final report |h[electronic resource] |
| 260 | |aOttawa - Ontario : |bHuman Resources and Skills Development Canada. |c2006. |
| 590 | |a13-08-Supp|b2013-04-02 |
| 690 | 07|aEmployment insurance|2gcpds |
| 690 | 07|aFederal provincial agreements|2gcpds |
| 775 | 08|tRapport sommaire de l'évaluation sommative des prestations d'emploi et mesures de soutien offertes en vertu de l'Entente de développement du marché du travail Canada Terre-Neuve-et-Labrador - rapport final |w(CaOODSP)9.633041 |
| 856 | 40|ahttp://publications.gc.ca|qPDF|s178 KB|uhttps://publications.gc.ca/collections/collection_2013/rhdcc-hrsdc/HS28-54-2006-eng.pdf |
| 986 | |aSP-AH-682-10-07E |